00383nam a2200133Ia 4500008004100000020001600041050003400057100001800091245003300109250003400142260003700176300002300213520001300236150610s9999 xx 000 0 und d a0 440241073 aPS3557b.R5355 S95 2003    aGrisham, John 4aThe summons /cJohn Grisham. aDell domestic mass market ed. aNew York :bBantam Dell,c2003. a373pages ;c18 cm. aFiction.